[Event "VIE-ch (Women)"]
[Site "Hanoi"]
[Date "2016.??.??"]
[Round "1"]
[White "Luu, Ha Bich Ngoc"]
[Black "Tran, Lean Thuy"]
[Result "1/2-1/2"]
[WhiteElo "1391"]
[BlackElo "2028"]
[PlyCount "60"]
[EventDate "2016.11.10"]
[EventType "swiss"]
[EventRounds "9"]
[EventCountry "VIE"]
[SourceTitle "EXT 2018"]
[Source "ChessBase"]
[SourceDate "2017.10.13"]
[SourceVersion "1"]
[SourceVersionDate "2017.10.13"]
[SourceQuality "1"]

1. d4 d5 2. Nf3 Nf6 3. Bf4 c6 4. e3 Qb6 5. Qc1 Bf5 6. c4 e6 7. Nc3 h6 8. Be2 Nbd7 9. 0-0 Nh5 10. Qd2 Nxf4 11. exf4 dxc4 12. Bxc4 Be7 13. a3 0-0 14. Rfe1 Rfd8 15. b3 Bf6 16. Qe3 Nf8 17. Na4 Qc7 18. Nc5 b6 19. Ne4 Bxe4 20. Qxe4 c5 21. Rad1 cxd4 22. Nxd4 Qd6 23. Nc6 Qxd1 24. Rxd1 Rxd1+ 25. Bf1 Rc8 26. Qc2 Rdd8 27. g3 Kh8 28. Qe4 Rd5 29. Nb4 Rd1 30. Kg2 Rcc1 1/2-1/2

[Event "VIE-ch (Women)"]
[Site "Hanoi"]
[Date "2016.??.??"]
[Round "5"]
[White "Ton, Nu Hong An"]
[Black "Tran, Lean Thuy"]
[Result "0-1"]
[WhiteElo "1946"]
[BlackElo "2028"]
[PlyCount "56"]
[EventDate "2016.11.10"]
[EventType "swiss"]
[EventRounds "9"]
[EventCountry "VIE"]
[SourceTitle "EXT 2018"]
[Source "ChessBase"]
[SourceDate "2017.10.13"]
[SourceVersion "1"]
[SourceVersionDate "2017.10.13"]
[SourceQuality "1"]

1. e4 c5 2. Nf3 d6 3. c3 Nf6 4. Be2 Nc6 5. d4 cxd4 6. cxd4 Nxe4 7. d5 Qa5+ 8. Nc3 Nb8 9. 0-0 Nf6 10. Be3 g6 11. Rc1 Bg7 12. Nb5 Na6 13. b4 Qxb4 14. Bd2 Qe4 15. Nxd6+ exd6 16. Bxa6 0-0 17. Re1 Qf5 18. Bc4 Nxd5 19. Nh4 Qf6 20. Nxg6 fxg6 21. Bxd5+ Kh8 22. Bf3 Qf7 23. Bb4 a5 24. Bxd6 Rd8 25. Rc7 Qf6 26. Rxg7 Rxd6 27. Re8+ Kxg7 28. Qb3 Qa1+ 0-1